000 00654nam a2200217 a 4500
001 BRCA_5836
005 20190320205231.0
008 140311s1912----mx-#######---#000-0#spa-#
041 _aspa
044 _amx
050 4 _aKB473
_b.F47
_c1912
100 1 _aFernández, José Diego.
_914779
245 1 0 _aRecuperadora de Amistad y Concordia versus Santa Gertrudis.
260 _aMéxico
_bTipografía Económica.
_c1912
300 _a182 p.
_c24cm.
500 _aInforme administrativo, viene en tres idiomas: español, francés e inglés, anéxos.
500 _aH97
650 1 4 _aIndustria minera.
_zMéxico
_914780
902 _aGFM
942 _2lcc
_cB
999 _c5525
_d5525